000 00501nam a2200181Ia 4500
003 GCL
008 140319s9999 xx 000 0 eng d
040 _aGCL /
_cGCL
082 0 4 _aCC
_b720.962
_bO N
100 1 _aHASSAN FATHY
245 1 0 _aNUBIAN ARCHITECTURE: THE EGYPTIAN VERNACULAR EXPERIENCE /
_cHASSAN FATHY
700 1 _aOMAR, M.EL-HAKIM
260 _a[S.N] :
_bTHE PALM PRESS ،
_c1993
300 _a78 P
650 0 4 _aARCHITECTURE, EGYPTIAN
650 0 4 _aARCHITECTURE
942 _2ddc
_cBK
999 _c16197
_d16197